000 00305nam a22001337a 4500
008 170601b xxu||||| |||| 00| 0 eng d
020 _a41012738900000244793
041 _aeng
080 _23RD
_a94(100)
100 _a17
101 _aSHH
245 _aTHE WEST IN THEWORLD
_cSHERMAN,D
942 _2udc
_cBK
999 _c15325
_d15325